000
00349nam a2200157Ia 4500
008
220531s9999 xx 000 0 und d
041
_a
eng
245
_a
Glass Menagerie
250
_a
1ST
260
_b
Rama
_c
1999
300
_a
92
542
_d
10-07-2000
650
_a
English
_9
42146
906
_d
2000-2001
_f
7527
999
_c
25158
_d
25158